Statistics for Random Decoder #1

Click here to take the quiz!

General Stats

  • This quiz has been taken 130 times
  • The average score is 17 of 55

Answer Stats

HintAnswer% Correct
ECountry which Cleopatra once reignedEgypt
97%
TPolygon with three sidesTriangle
90%
D__________ Republic of the CongoDemocratic
90%
YOpposite of yinYang
79%
ACreator of the Echo and KindleAmazon
78%
EDelicious or disgusting Christmas drinkEggnog
77%
ISwedish furniture storeIKEA
76%
KCountry whose capital is NairobiKenya
67%
TFirst name of Roosevelt and Geisel (also known as Seuss)Theodore
65%
DCreator of Snow White and TangledDisney
62%
OType of the above with an angle greater than 90 degreesObtuse
61%
YYoung Men's Christian AssociationYMCA
60%
NName of both a coin and an elementNickel
55%
NFirst name of the man who said 'Peace in our time', or of LongbottomNeville
53%
SLead singer of the PoliceSting
52%
WGerman for ViennaWien
47%
EKing of the United Kingdom until 1910Edward VII
45%
HSixty-second president of Venezuela: ____ ChávezHugo
44%
TCapital of EstoniaTallinn
38%
LPopular breed of retrieverLabrador
37%
MNine patrons of the arts in Greek mythosMuses
37%
LCapital of SloveniaLjubljana
36%
OMuch like onions, they have layersOgres
30%
ECompany with the most downvoted comment on Reddit, abbreviatedEA
29%
HPast tense of heave, nauticallyHove
26%
ATip on the end of one's shoelaceAglet
25%
EQueen consort of France and England: _______ of AquitaineEleanor
25%
YSite of four crucial WWI battles in BelgiumYpres
22%
RThird-largest urban area of GermanyRuhr
20%
ASeventh-largest country in AfricaAngola
20%
NCeremonies of a weddingNuptials
17%
ACity in Georgia which holds the Masters TournamentAugusta
17%
SSultan of Egypt who held off Richard the LionheartSaladin
15%
AFull last name of Syria's current presidental-Assad
15%
AFifth-largest city of Ohio and birthplace of LeBron JamesAkron
13%
ATo put an end to something, especially in lawAbolish
11%
LCommon result of someone being suedLawsuit
10%
RMechanical fastener, more permanent than a nailRivet
10%
TAlong with cockroaches, would survive the apocalypseTwinkie
9%
EFairness and impartialityEquity
8%
QuoteEarly to bed and early to rise, makes a man healthy, wealthy, and wise
7%
ILondon district home to Sirius Black and Douglas AdamsIslington
7%
DTo gradually pour in order to produce a clean solutionDecant
7%
STo transition in song from one part to the nextSegue
6%
HA tirade; a long, aggresive speechHarangue
5%
WLegendary dragon-like creature of mythologyWyvern
5%
EThe principle of universal human equalityEgalitarian
3%
AOne term for gender-fluidityAndrogyny
3%
BHesitateBalk
3%
YSound Jojo of Whoville makesYOPP!
2%
EShockingly, noticeably badEgregious
2%
LAuthor of the book from which the above is quotedL'engle
1%
A'We haven't had an __________ in three years'Aberration
1%
MWolf who leads the White Witch's armyMaugrim
1%
RRejuvenate, rouseRegale
1%

Score Distribution

Percentile by Number Answered

Percent of People with Each Score

Your Score History

You have not taken this quiz